LEADER 01377nam 2200397 450 001 9910291758803321 005 20230814225044.0 010 $a1-58537-302-8 035 $a(CKB)4100000007106633 035 $a(WaSeSS)IndRDA00121567 035 $a(EXLCZ)994100000007106633 100 $a20200407d2018 uy 0 101 0 $aeng 135 $aur||||||||||| 181 $ctxt$2rdacontent 182 $cc$2rdamedia 183 $acr$2rdacarrier 200 10$a2018 40th Electrical Overstress/Electrostatic Discharge Symposium $e23-28 September 2018, Reno, NV, USA /$fIEEE Electron Devices Society, IEEE Reliability Society 210 1$aPiscataway, New Jersey :$cInstitute of Electrical and Electronics Engineers,$d2018. 215 $a1 online resource (69 pages) 311 $a1-5386-7409-2 606 $aElectronic apparatus and appliances$xProtection$vCongresses 606 $aElectric discharges$vCongresses 606 $aElectrostatics$vCongresses 615 0$aElectronic apparatus and appliances$xProtection 615 0$aElectric discharges 615 0$aElectrostatics 676 $a621.381 712 02$aIEEE Electron Devices Society, 712 02$aIEEE Reliability Society, 801 0$bWaSeSS 801 1$bWaSeSS 906 $aPROCEEDING 912 $a9910291758803321 996 $a2018 40th Electrical Overstress$92509428 997 $aUNINA LEADER 05017nam 22007215 450 001 9910983315303321 005 20250220115338.0 010 $a9789819786626 010 $a9819786622 024 7 $a10.1007/978-981-97-8662-6 035 $a(MiAaPQ)EBC31915105 035 $a(Au-PeEL)EBL31915105 035 $a(CKB)37663515200041 035 $a(DE-He213)978-981-97-8662-6 035 $a(OCoLC)1503844807 035 $a(EXLCZ)9937663515200041 100 $a20250220d2025 u| 0 101 0 $aeng 135 $aurcnu|||||||| 181 $ctxt$2rdacontent 182 $cc$2rdamedia 183 $acr$2rdacarrier 200 10$aCivil Judgments at First Instance $eComparative Experience and Chinese Solution /$fby Zhixun Cao 205 $a1st ed. 2025. 210 1$aSingapore :$cSpringer Nature Singapore :$cImprint: Springer,$d2025. 215 $a1 online resource (416 pages) 225 1 $aContemporary Chinese Civil and Commercial Law,$x2524-6208 311 08$a9789819786619 311 08$a9819786614 327 $aIntroduction -- Examples of Civil Judgments as the Start point -- Civil Judgments in China: Structure, Reasoning and Reform -- Application of Law: Substantive Legal Grounds, Citations of Legal Sources, and Methodological Issues -- Finding of Facts: Decisive Documentary Evidence in Civil Litigation and Its Proving Effects -- Burden of Proof: Chinese Approach to Resolving the Factual Issue of Non-Liquet -- Effects of Final Judgments (I): Predetermined Effects of Their Factual Conviction -- Effects of Final Judgments (II): Scope of Res Judicata Effect and Possible Issue Preclusion? -- Correction of Errors: Redressing Obvious Errors and Omitted Claims in First Instance -- Context of Civil Judgments: Judicial System and Procedural Arrangement -- Challenges of Online Dispute Resolution: New Possibilities and Boundaries -- Conclusion -- Appendix. Related Translation of Essential Chinese Legal Documents. 330 $aThis book provides an in-depth discussion and introduction to Chinese civil procedure from both a theoretical and practical perspectives, as well as a comparative study of its relevant systems with those of the West. The subject matter of this book is Chinese civil judgments. Judgments, as the final judicial product which affects the legal relationship between both parties or even multiple parties, provide a desirable objects to observe and evaluate the service of judicial proceedings and the protection of the parties? procedural rights. And since judgments are in most cases regarded as the default termination of any civil litigation, there is no need to argue for a comparative study on this topic which has already inspired Chinese doctrines and newest reforms. One of the aims of such research is to modernize Chinese civil justice considering the experience of leading legal counterparts. Next to the theoretical analysis, this book introduces empirical data in China to the English literature, which could provide a vivid illustration for legal researchers to be better informed about the Chinese legal system and its real version of rule of law. In other words, this book likes to describe the real judicial practice in China and summarize how Chinese lawyers understand and facilitate the production of civil judgments. Moreover, this book intends to focus on the adjudicative techniques in the civil litigation, which should constitute the mutual basis of most civil justice. Even there is no well-developed theory under the name of ?Adjudicate Techniques? in some jurisdictions, it is not uncommon to discover some principles, methods, institutions, and practical operation, which is functionally and substantially comparable to the ones in other civil justice systems. 410 0$aContemporary Chinese Civil and Commercial Law,$x2524-6208 606 $aConflict of laws 606 $aConflict of laws 606 $aInternational law 606 $aComparative law 606 $aCivil procedure 606 $aMediation 606 $aDispute resolution (Law) 606 $aArbitration (Administrative law) 606 $aPrivate International Law, International and Foreign Law, Comparative Law 606 $aCivil Procedure Law 606 $aDispute Resolution, Mediation, Arbitration 615 0$aConflict of laws. 615 0$aConflict of laws. 615 0$aInternational law. 615 0$aComparative law. 615 0$aCivil procedure. 615 0$aMediation. 615 0$aDispute resolution (Law) 615 0$aArbitration (Administrative law) 615 14$aPrivate International Law, International and Foreign Law, Comparative Law. 615 24$aCivil Procedure Law. 615 24$aDispute Resolution, Mediation, Arbitration. 676 $a340.9 700 $aCao$b Zhixun$01784733 801 0$bMiAaPQ 801 1$bMiAaPQ 801 2$bMiAaPQ 906 $aBOOK 912 $a9910983315303321 996 $aCivil Judgments at First Instance$94316307 997 $aUNINA